films "barbie" par images <3 - Statistiques

Statistiques générales
  • Ce quiz a été pris 1 078 fois
  • Le résultat moyen est 8 sur 16
Statistiques - réponses
Par images Réponse % Correct
barbie et le secret des sirènes
77%
barbie et les 3 mousquetaires
75%
barbie apprentie princesse
72%
barbie coeur de princesse
69%
barbie et la magie de noel
69%
barbie et le palais de diamant
68%
barbie la princesse et la popstar
51%
barbie au bal des 12 princesses
50%
barbie agent secret
49%
barbie et le cheval magique
48%
barbie et la magie des perles
45%
barbie lilipucia
38%
barbie mermaidia
26%
barbie un merveilleux noël
21%
barbie et la magie de l'arc en ciel
16%
barbie héroine de jeux vidéos
16%
Aucun quiz correspondant
Distribution des résultats
% des personnes avec chaque résultat
Percentile par nombre de réponses
Votre historique - résultats
Vous n’avez pas pris ce quiz